000 00658nam a22002057a 4500
999 _c196620
_d196620
005 20230814131113.0
010 _aENG-137449
020 _a9789392970962
_c879.00
035 _aEN-120981
037 _bDBAD/PUB
082 _a613332.645
100 _a Hull, John C.
245 _aOptions, Future and Other Derivatives/
_cBy John C. Hull
250 _a11TH EDITION
260 _aUTTAR PRADESH
_bPERSON INDIA EDUCATION SERVICES Pvt. Ltd
270 _a15TH FLOOR, TOWER-B WORLD TRADE TOWER,PLOT NO. 1, BLOCK-C , SECTOR 16
_bNOIDA
_e201301
300 _a893p.
_c25cm,
700 _aSANKARSHAN BASU
942 _2ddc
_cEN
_mHUL
_h332.645
_e11